Γεωτεχνικές Κατασκευές Ι / Ανάλυση των Αρχών Σχεδιασμού και Κατασκευής: Δεύτερη Έκδοση (Record no. 2082)
[ view plain ]
| 000 -LEADER | |
|---|---|
| fixed length control field | 01115cam a22002054a 4500 |
| 005 - ΗΜΕΡΟΜΗΝΙΑ ΚΑΙ ΩΡΑ ΤΕΛΕΥΤΑΙΑΣ ΕΝΗΜΕΡΩΣΗΣ | |
| Πεδίο ελέγχου | 20250605164030.0 |
| 008 - FIXED-LENGTH DATA ELEMENTS--GENERAL INFORMATION | |
| Πεδίο ελέγχου σταθερού μήκους | 250528s ||||||||||||||||||||||||d |
| 035 ## - SYSTEM CONTROL NUMBER | |
| System control number | 16600 |
| 020 ## - ISBN | |
| ISBN | 9604115634 |
| 040 ## - ΠΗΓΗ ΚΑΤΑΛΟΓΟΓΡΑΦΗΣΗΣ | |
| Φορέας πρωτότυπης καταλογογράφησης | MC Athens Campus Library |
| Γλώσσα καταλογογράφησης | Ελληνικά, Μοντέρνα (1453-) |
| Modifying agency | MC Athens Campus Library |
| Κανόνες περιγραφικής καταλογογράφησης | AACR2 |
| 245 1# - ΤΙΤΛΟΣ ΚΑΙ ΔΗΛΩΣΗ ΥΠΕΥΘΥΝΟΤΗΤΑΣ | |
| Τίτλος | Γεωτεχνικές Κατασκευές Ι / Ανάλυση των Αρχών Σχεδιασμού και Κατασκευής: Δεύτερη Έκδοση |
| 250 ## - EDITION STATEMENT | |
| Edition statement | 2η |
| 260 ## - PUBLICATION, DISTRIBUTION, ETC. | |
| Name of publisher, distributor, etc. | Ίων, |
| Date of publication, distribution, etc. | 2008 |
| 300 ## - PHYSICAL DESCRIPTION | |
| Extent | 664 |
| 520 ## - SUMMARY, ETC. | |
| Summary, etc. | Το δίτομο αυτό πόνημα, ως πρακτικό βιβλίο απευθύνεται στους Γεωτεχνικούς Μηχανικούς που σχεδιάζουν ή και υλοποιούν γεωτεχνικές κατασκευές. Εισαγωγή, Αβαθείς Θεμελιώσεις, Βαθειές Θεμελιώσεις, Ειδικές Θεμελιώσεις, Κατασκευές Αντιστήριξης, Παραρτήματα, Βιβλιογραφία. |
| 700 1# - ΠΡΟΣΘΕΤΗ ΑΝΑΓΡΑΦΗ--ΦΥΣΙΚΟ ΠΡΟΣΩΠΟ | |
| Personal name | Κωστόπουλος Σπύρος Δ |
| 9 (RLIN) | 2689 |
| 942 ## - ADDED ENTRY ELEMENTS (KOHA) | |
| Koha item type | Books |
| Τύπος τεκμηρίου | Βιβλιοθήκη | Τρέχουσα τοποθεσία | Barcode | Αριθμός εισαγωγής | Ημερομηνία απόκτησης | Ταξιθετικό σύμβολο | Αριθμός αντιτύπου | Κατάσταση απόσυρσης | Κατάσταση χαμένου | Κατάσταση κατεστραμμένου | Μη δανεισμός | Σύνολο δανεισμών | Ημερομηνία τελευταίας εμφάνισης | Η τιμή ισχύει από |
|---|---|---|---|---|---|---|---|---|---|---|---|---|---|---|
| Books | MC Athens Campus Library | MC Athens Campus Library | 9780000020819 | 4782 | 05/06/2025 | 624.15 KOS V.I | 1 | 05/06/2025 | 05/06/2025 |